[Event "ch-FRA Blitz Online Qual"]
[Site "Europe-Chess INT"]
[Date "2020.05.16"]
[Round "6"]
[White "Flores, Victor"]
[Black "Gatineau, Milann"]
[Result "0-1"]
[WhiteElo "1741"]
[BlackElo "1390"]
[WhiteFideId "45133492"]
[BlackFideId "36044199"]
[EventDate "2020.05.16"]

1. e4 e6 2. d3 d5 3. Nd2 c5 4. g3 Nc6 5. Bg2 Nf6 6. Ngf3 Be7 7. O-O O-O 8. Re1
Qc7 9. e5 Nd7 10. Qe2 f6 11. exf6 Nxf6 12. Nf1 Bd6 13. Ne3 Bd7 14. Nh4 Nd4 15.
Qd1 Rae8 16. c3 Nc6 17. f4 d4 18. Nc4 Be7 19. Ne5 Bd6 20. Nhf3 Re7 21. c4 Be8
22. Qe2 Bh5 23. Qf2 Ng4 24. Qf1 Bxe5 25. Nxe5 Ngxe5 26. Bxc6 Nxc6 27. Qg2 Bg6
28. Rd1 Qd6 29. Bd2 Rfe8 30. Be1 e5 31. fxe5 Nxe5 32. Bf2 Nxd3 33. b3 Nxf2 34.
Qxf2 Rf7 35. Qg2 Be4 36. Qd2 Qf6 37. Rf1 Qe6 38. Rf2 Ref8 39. Raf1 d3 40. Rf4
Rxf4 41. Rxf4 Rxf4 42. Qxf4 Qf5 43. Qd2 h6 44. h4 Qf3 45. a3 Qh1+ 46. Kf2 Qg2+
47. Ke3 Qxd2+ 48. Kxd2 Kf7 49. b4 cxb4 50. axb4 b6 51. Ke3 Bg6 52. c5 Ke6 53.
cxb6 axb6 54. g4 Kd5 55. h5 Bh7 56. Kd2 Kc4 57. g5 hxg5 58. Ke3 Kxb4 59. Kd2 Kb3
60. Kc1 Kc3 61. Kb1 d2+ 62. Ka2 d1=Q 63. Ka3 Qb1 64. Ka4 Qb4# 0-1

[Event "ch-FRA Blitz Online Qual"]
[Site "Europe-Chess INT"]
[Date "2020.05.16"]
[Round "6"]
[White "Levy, Kevin"]
[Black "Nezosi, Constantin"]
[Result "0-1"]
[WhiteElo "1740"]
[BlackElo "1458"]
[WhiteFideId "45128588"]
[BlackFideId "36066974"]
[EventDate "2020.05.16"]

1. e4 d6 2. d4 Nf6 3. Nc3 g6 4. Nf3 Bg7 5. Bc4 O-O 6. Qe2 Bg4 7. e5 dxe5 8. dxe5
Nfd7 9. e6 Ne5 10. exf7+ Kh8 11. Bb3 Bxf3 12. gxf3 Qd7 13. Bd2 Nbc6 14. O-O-O
Qf5 15. f4 Ng4 16. h4 Nd4 17. Qe4 Nxb3+ 18. axb3 Nxf2 19. Qxf5 gxf5 20. Rhg1 Ne4
21. Nxe4 fxe4 22. Bc3 Bxc3 23. bxc3 Rxf7 24. Rd7 Rxf4 25. Rxe7 Rg8 26. Re1 Rxh4
27. Rxc7 Rg7 28. Rc8+ Rg8 29. Rc7 Rg7 30. Rc4 Re7 31. Re3 Rh1+ 32. Kb2 Rh4 33.
Ra4 a6 34. Rc4 h5 35. Rd4 Rf4 36. Rh3 h4 37. Rd5 Rh7 38. Re5 Rf3 39. Re8+ Kg7
40. Re7+ Kg6 41. Rxh7 Rxh3 42. Re7 Re3 43. Kc1 h3 44. Kd2 Rg3 45. Rxe4 Kg5 46.
Re1 Kh4 47. Re4+ Rg4 48. Re1 h2 49. Rh1 Kh3 50. c4 Rg1 51. Rxh2+ Kxh2 52. Kc3
Rc1 53. Kb2 Rg1 54. c3 Rg7 55. Ka3 Rc7 56. Kb4 Kg3 57. Ka5 Kf4 58. Kb6 Rc8 59.
Kxb7 Rd8 60. Kxa6 Ke5 61. b4 Kd6 62. c5+ Kc7 63. c4 Kb8 64. b5 Rd4 65. Kb6 Rxc4
66. c6 Rd4 67. c7+ Kc8 68. Kc5 Rd7 69. b6 Rd1 70. Kb5 Kb7 71. Kc5 Rc1+ 72. Kb5
Rc6 73. Ka5 Rc5+ 74. Kb4 Rc1 75. Kb5 Rc2 76. Ka5 Rc5+ 77. Kb4 Kxb6 78. c8=Q Rxc8
79. Kb3 Kb5 80. Kb2 Kb4 0-1

[Event "ch-FRA Blitz Online Qual"]
[Site "Europe-Chess INT"]
[Date "2020.05.16"]
[Round "6"]
[White "Pernoud, Claire"]
[Black "Billot, Daniel"]
[Result "0-1"]
[WhiteElo "1428"]
[BlackElo "1679"]
[WhiteFideId "663018"]
[BlackFideId "618004"]
[EventDate "2020.05.16"]

1. e4 d5 2. exd5 Qxd5 3. Nf3 Nf6 4. d4 Bg4 5. c4 Bxf3 6. gxf3 Qd8 7. Bg2 e6 8.
Nc3 c6 9. Bg5 Be7 10. O-O Qa5 11. Bd2 Qc7 12. Re1 O-O 13. b4 Nbd7 14. a3 Nb6 15.
c5 Nbd5 16. Nxd5 Nxd5 17. Rb1 Nf4 18. Bxf4 Qxf4 19. Re4 Qh6 20. Qe1 Rad8 21. Rd1
Rd5 22. f4 Rfd8 23. f3 Rh5 24. Qg3 Rdd5 25. Re5 Rhxe5 26. fxe5 Qe3+ 27. Kh1 Rxd4
28. Rxd4 Qxd4 29. h3 Qa1+ 30. Kh2 Qxa3 31. Qe1 Qb2 32. f4 g6 33. Kg3 Qd4 34. Bf3
Qd3 35. Qe4 Qxe4 36. Bxe4 Kg7 37. Kg4 h5+ 38. Kf3 Bd8 39. Bd3 a5 40. bxa5 Bxa5
41. Be4 Bb4 42. Ke2 Bxc5 43. Kd3 Kf8 44. Bf3 Ke7 45. Bd1 Bf2 46. Bb3 Kd7 47. Ke4
Kc7 48. Bc2 Kb6 49. Bd3 Kc5 50. Be2 b5 51. Kd3 Bg3 52. Ke4 b4 53. Bd3 b3 54. Kf3
Be1 55. Ke2 Bg3 56. Kf3 Kd4 57. Bb1 Bh2 58. Be4 Kc3 59. Bxc6 Kd2 60. Be4 b2 61.
Bb1 Kc1 62. Be4 b1=Q 63. Bxb1 Kxb1 64. Ke4 Kc2 65. Kf3 Kd3 66. Kg2 Ke4 67. Kxh2
Kxf4 68. Kg2 Kxe5 69. Kf3 Kf5 70. h4 e5 71. Ke3 e4 72. Kf2 Kf4 0-1

[Event "ch-FRA Blitz Online Qual"]
[Site "Europe-Chess INT"]
[Date "2020.05.16"]
[Round "6"]
[White "Barraud, Mickael"]
[Black "Assouane, Aksel"]
[Result "0-1"]
[WhiteElo "1733"]
[BlackElo "1238"]
[WhiteFideId "696137"]
[BlackFideId "45154708"]
[EventDate "2020.05.16"]

1. e4 e5 2. d4 exd4 3. Nf3 Nc6 4. Bc4 Bc5 5. c3 dxc3 6. Nxc3 Nge7 7. O-O O-O 8.
Ng5 Ng6 9. Qd5 Qe7 10. Qd3 Nb4 11. Qe2 Ne5 12. Bb3 Nbc6 13. Nd5 Qd8 14. Be3 Nd4
15. Bxd4 Bxd4 16. Rad1 Bc5 17. Rc1 d6 18. Kh1 Qxg5 19. Nxc7 Ng4 20. Nxa8 Nxf2+
21. Rxf2 Bxf2 22. Qxf2 Qxc1+ 23. Qg1 Qxg1+ 24. Kxg1 Be6 25. Nc7 Bxb3 26. axb3
Rc8 27. Nd5 Rc2 28. g4 Rxb2 29. b4 Re2 30. h3 Rxe4 31. Kf2 Rd4 32. Ne7+ Kf8 33.
Nf5 Rxb4 34. Nxd6 Rb3 35. Kg2 a5 36. Nc4 a4 37. h4 a3 38. Nd2 Rb2 0-1

[Event "ch-FRA Blitz Online Qual"]
[Site "Europe-Chess INT"]
[Date "2020.05.16"]
[Round "6"]
[White "Zanin, Clement"]
[Black "Duvert, Francois"]
[Result "1-0"]
[WhiteElo "1327"]
[BlackElo "1729"]
[WhiteFideId "36066869"]
[BlackFideId "36072877"]
[EventDate "2020.05.16"]

1. e4 d5 2. exd5 Nf6 3. Bc4 Nxd5 4. d4 g6 5. Nf3 Bg7 6. O-O O-O 7. Nc3 Nb6 8.
Bb3 Bg4 9. h3 Bf5 10. Bg5 Qd7 11. Re1 Be6 12. Qd2 Nc6 13. d5 Rad8 14. dxe6 Qxd2
15. Nxd2 h6 16. Bh4 Kh7 17. exf7 Rxd2 18. Bxe7 Nxe7 19. Rxe7 c5 20. Na4 Nxa4 21.
Bxa4 Bxb2 22. Rb1 Bf6 23. Rexb7 Kg7 24. Be8 Be5 25. Rxa7 Bd4 26. Kh2 Rxf2 27.
Rbb7 Rxc2 28. Bc6 h5 29. Be4 Re2 30. Bd3 Re3 31. Bc4 Be5+ 32. Kg1 Re1+ 33. Kf2
Rc1 34. Bb3 Rd1 35. Bxd1 Bd4+ 36. Kg3 c4 37. Bc2 Bxa7 38. Rxa7 c3 39. Bb3 Rc8
40. Ra6 c2 41. Bxc2 Rxc2 42. Ra7 Rc3+ 43. Kh2 Rc4 44. a4 Rf4 45. a5 Ra4 46. a6
Ra5 47. Kg3 Ra4 48. Kf3 Ra5 49. Ke3 g5 50. Kd3 Ra1 51. Kc4 Ra2 52. Kb3 Rxg2 53.
Re7 Rg3+ 54. Kb4 Rg1 55. a7 Ra1 56. Kc5 g4 57. hxg4 hxg4 58. Kd6 g3 59. Ke6 g2
60. Re8 Re1+ 61. Kd7 Rxe8 62. Kxe8 g1=Q 63. f8=Q+ Kh7 64. Qf7+ Kh6 65. Qf6+ Kh5
66. Qf5+ Kh6 67. Qf4+ Kh7 68. Qh4+ Kg6 69. Qe4+ Kh6 70. a8=Q Qg8+ 71. Kd7 Qf7+
72. Kc6 Qf6+ 73. Kc5 Qf2+ 74. Kb5 Qb2+ 75. Qb4 Qe5+ 76. Ka4 Qa1+ 77. Qa3 Qd4+
78. Kb5 Qe5+ 79. Kb6 1-0

[Event "ch-FRA Blitz Online Qual"]
[Site "Europe-Chess INT"]
[Date "2020.05.16"]
[Round "6"]
[White "Sayah-Hobon, Noah"]
[Black "Vanlerberghe, Luc"]
[Result "1/2-1/2"]
[WhiteElo "1364"]
[BlackElo "1727"]
[WhiteFideId "551015609"]
[BlackFideId "671908"]
[EventDate "2020.05.16"]

1. e4 c5 2. Nf3 Nc6 3. d4 cxd4 4. Nxd4 g6 5. Nxc6 bxc6 6. Bc4 Bg7 7. Nc3 d6 8.
O-O Nf6 9. Bf4 O-O 10. Qd2 Nxe4 11. Nxe4 d5 12. Bxd5 cxd5 13. Rad1 Ba6 14. Rfe1
dxe4 15. Rxe4 Qxd2 16. Rxd2 Rfd8 17. Rxe7 Rxd2 18. Bxd2 Rd8 19. Ba5 Rd1+ 20. Re1
Rxe1+ 21. Bxe1 Bxb2 22. f3 Bd4+ 23. Bf2 Bxf2+ 24. Kxf2 f5 25. Ke3 Kf7 26. Kd4
Ke6 27. c4 Kd6 28. g3 Bb7 29. f4 Be4 30. a3 a5 31. c5+ Kc6 32. Kc4 h6 33. h3 g5
34. fxg5 hxg5 35. Kd4 Bg2 36. h4 gxh4 37. gxh4 Bf3 38. h5 Bxh5 39. Ke5 Bg4 40.
Kd4 f4 41. Ke4 f3 42. Ke3 Kxc5 43. Kf2 Kc4 44. Kg3 Kb3 45. Kf2 Kxa3 46. Kg3 Kb2
47. Kf2 a4 48. Kg3 a3 49. Kf2 a2 50. Kg3 a1=Q 51. Kf2 Qc1 52. Kg3 Qg5 53. Kf2
Qf4 54. Kf1 Qe3 1/2-1/2

[Event "ch-FRA Blitz Online Qual"]
[Site "Europe-Chess INT"]
[Date "2020.05.16"]
[Round "6"]
[White "Sepahpour, Shervine"]
[Black "Frazao, Thomas"]
[Result "1-0"]
[WhiteElo "1398"]
[BlackElo "1719"]
[WhiteFideId "45150478"]
[BlackFideId "36083704"]
[EventDate "2020.05.16"]

1. d4 Nf6 2. c4 e6 3. Nf3 d5 4. Nc3 Bb4 5. e3 O-O 6. Bd3 c5 7. cxd5 exd5 8. dxc5
Bxc5 9. O-O Nc6 10. Bc2 Bg4 11. Bb3 Ne7 12. Qd2 Bxf3 13. gxf3 Bb4 14. Kh1 Nf5
15. Rg1 Qc7 16. e4 dxe4 17. Qg5 Qe5 18. Bf4 Qc5 19. Qxf6 exf3 20. Ne4 Qa5 21.
Bh6 1-0

[Event "ch-FRA Blitz Online Qual"]
[Site "Europe-Chess INT"]
[Date "2020.05.16"]
[Round "6"]
[White "Ibrouchene, Christophe"]
[Black "Chevillon, Manon"]
[Result "1-0"]
[WhiteElo "1797"]
[BlackElo "1356"]
[WhiteFideId "45110786"]
[BlackFideId "45135690"]
[EventDate "2020.05.16"]

1. e4 e5 2. Bc4 Nf6 3. Nf3 Nc6 4. Ng5 d5 5. exd5 Nxd5 6. Nxf7 Kxf7 7. Qf3+ Ke6
8. Nc3 Ne7 9. d4 g6 10. Bg5 Kd7 11. Nxd5 c6 12. Qg4+ Ke8 13. Nf6# 1-0

[Event "ch-FRA Blitz Online Qual"]
[Site "Europe-Chess INT"]
[Date "2020.05.16"]
[Round "6"]
[White "Lebrun, Leo"]
[Black "Villevieille, Lucas"]
[Result "0-1"]
[WhiteElo "1441"]
[BlackElo "1713"]
[WhiteFideId "26097435"]
[BlackFideId "36022349"]
[EventDate "2020.05.16"]

1. e4 c5 2. Nf3 d6 3. d4 cxd4 4. Nxd4 Nf6 5. Nc3 a6 6. Be3 g6 7. f3 Bg7 8. Qd2
e5 9. Nb3 Be6 10. Bh6 O-O 11. Bxg7 Kxg7 12. h4 d5 13. O-O-O d4 14. g4 Nc6 15.
Nb1 a5 16. h5 Nb4 17. Re1 Nxa2+ 18. Kd1 Rh8 19. hxg6 fxg6 20. Qh6+ Kf7 21. Nc5
Qb6 22. Nxe6 Qxe6 23. Na3 Rac8 24. g5 Nd7 25. Re2 Nb4 26. Reh2 Nf8 27. Qh3 Qc6
28. Bc4+ Kg7 29. Qe6 Qxe6 30. Bxe6 Nxe6 31. Rh6 Nxg5 32. R6h2 Nxf3 33. Rf2 Ng5
34. Rg1 Ne6 35. Kd2 Rhf8 36. Rgf1 Rxf2+ 37. Rxf2 Rf8 38. Rxf8 Kxf8 39. Nb5 g5
40. Nd6 b6 41. Nc8 b5 42. Nd6 Nc7 43. c3 Nc6 44. cxd4 exd4 45. Kd3 h5 46. Ke2 g4
47. Kf2 h4 48. Nf5 h3 49. Kg3 d3 50. Nh6 d2 51. Nxg4 d1=Q 52. e5 Qd3+ 53. Kh4
Qh7+ 54. Kg3 h2 55. Nxh2 Nxe5 56. b4 Nd5 57. bxa5 Qd3+ 58. Nf3 Qxf3+ 59. Kh4
Qg4# 0-1

[Event "ch-FRA Blitz Online Qual"]
[Site "Europe-Chess INT"]
[Date "2020.05.16"]
[Round "6"]
[White "Thobie, Pascal"]
[Black "Dubois, Herve"]
[Result "0-1"]
[WhiteElo "1216"]
[BlackElo "1836"]
[WhiteFideId "651001187"]
[BlackFideId "636460"]
[EventDate "2020.05.16"]

1. Nf3 c5 2. c4 Nf6 3. Nc3 g6 4. e3 Bg7 5. d4 O-O 6. Be2 b6 7. O-O Bb7 8. a3 d5
9. b3 dxc4 10. bxc4 cxd4 11. exd4 Ne4 12. Nxe4 Bxe4 13. Bb2 Nd7 14. d5 Bxb2 15.
Ra2 Bg7 16. a4 Nc5 17. h3 Qd6 18. Nd2 Bf5 19. Nb3 Rac8 20. Nxc5 Rxc5 21. Qb3
Rfc8 22. Rc1 e6 23. dxe6 Bxe6 24. Rac2 Qf4 25. f3 Bh6 26. Kh1 Qg3 27. Rf1 Bf4
28. Kg1 Bxh3 0-1

[Event "ch-FRA Blitz Online Qual"]
[Site "Europe-Chess INT"]
[Date "2020.05.16"]
[Round "6"]
[White "Moeller, Joshua"]
[Black "Leccia, Thomas"]
[Result "1-0"]
[WhiteElo "1469"]
[BlackElo "1893"]
[WhiteFideId "45167834"]
[BlackFideId "36087270"]
[EventDate "2020.05.16"]

1. d4 d5 2. c4 c6 3. cxd5 cxd5 4. Bf4 Nf6 5. e3 Nc6 6. Nc3 Bf5 7. Nf3 g6 8. Rc1
Nh5 9. Bb5 Nxf4 10. exf4 a6 11. Bxc6+ bxc6 12. Ne5 Rc8 13. Qa4 Qb6 14. Nxd5 Qxb2
15. O-O Bg7 16. Nxc6 Qb5 17. Qxb5 axb5 18. Ncxe7 Rd8 19. Nxf5 gxf5 20. Rfe1+ Kf8
21. Rc7 Bxd4 22. Ne7 Re8 23. Kf1 b4 24. Nxf5 Ra8 25. Nxd4 Rxa2 26. Ree7 Ra1+ 27.
Ke2 Ra2+ 28. Kf3 1-0

[Event "ch-FRA Blitz Online Qual"]
[Site "Europe-Chess INT"]
[Date "2020.05.16"]
[Round "6"]
[White "Bosc, Frederic"]
[Black "Perolini, Cedric"]
[Result "0-1"]
[WhiteElo "1365"]
[BlackElo "1706"]
[WhiteFideId "36030970"]
[BlackFideId "20692773"]
[EventDate "2020.05.16"]

1. e4 e5 2. d4 exd4 3. c3 dxc3 4. Bc4 Bc5 5. Nxc3 d6 6. Nf3 Bg4 7. O-O Nc6 8. h3
Bh5 9. Qd3 Nf6 10. Re1 Bxf3 11. Qxf3 Ne5 12. Qe2 c6 13. Bb3 a5 14. Bg5 b5 15. a3
a4 16. Bc2 h6 17. Bh4 O-O 18. Rad1 Qb6 19. Kf1 Rfe8 20. Bxf6 gxf6 21. f4 Ng6 22.
Qg4 Bg1 23. Re2 Kh8 24. Qg3 Bd4 25. Red2 c5 26. Ne2 Bxb2 27. Rxd6 Qb7 28. Rxf6
Bxf6 29. e5 Bh4 30. Qg4 Bd8 31. Bxg6 fxg6 32. Qxg6 Re7 33. Qxh6+ Kg8 34. Rd6 Rg7
35. Qe6+ Kf8 36. g4 Qf3+ 37. Ke1 Bh4+ 38. Kd2 Rd8 0-1

[Event "ch-FRA Blitz Online Qual"]
[Site "Europe-Chess INT"]
[Date "2020.05.16"]
[Round "6"]
[White "Rapaire, Jean-Michel"]
[Black "Falip Morales, Tom"]
[Result "1-0"]
[WhiteElo "1742"]
[BlackElo "1344"]
[WhiteFideId "5400023"]
[BlackFideId "45181764"]
[EventDate "2020.05.16"]

1. e4 e6 2. d4 d5 3. exd5 exd5 4. Bf4 Bd6 5. Bxd6 Qxd6 6. c3 Ne7 7. Bd3 O-O 8.
Ne2 Bf5 9. O-O c6 10. Ng3 Bxd3 11. Qxd3 Ng6 12. Nd2 Nd7 13. Rfe1 Rfe8 14. Nf3
Nf4 15. Qd2 Nf6 16. Rxe8+ Rxe8 17. Re1 Ne4 18. Qd1 c5 19. dxc5 Qxc5 20. Nd4 Nxg3
21. Rxe8+ Qf8 22. Rxf8+ Kxf8 1-0

[Event "ch-FRA Blitz Online Qual"]
[Site "Europe-Chess INT"]
[Date "2020.05.16"]
[Round "6"]
[White "Akopian, Edwin"]
[Black "Lovichi, Raphael"]
[Result "1/2-1/2"]
[WhiteElo "1706"]
[BlackElo "1406"]
[WhiteFideId "36068357"]
[BlackFideId "45172935"]
[EventDate "2020.05.16"]

1. d4 Nf6 2. c4 e6 3. Nf3 Bb4+ 4. Bd2 Qe7 5. a3 Bxd2+ 6. Nbxd2 O-O 7. e4 d5 8.
cxd5 exd5 9. e5 Nfd7 10. Bd3 f6 11. O-O fxe5 12. Nxe5 Nxe5 13. dxe5 Qxe5 14. Nf3
Qd6 15. Re1 c6 16. Bc2 Bg4 17. Bxh7+ Kh8 18. Qd3 Bxf3 19. gxf3 Nd7 20. Bf5 Nf6
21. Re6 Qf4 22. Rae1 Rae8 23. Rxe8 Rxe8 24. Rxe8+ Nxe8 25. Bc8 Nd6 26. Bg4 Qc1+
27. Kg2 Qxb2 28. Qg6 Qf6 29. Qh5+ Kg8 30. Qh3 Kf8 31. Qh8+ Ke7 32. Qb8 Qe5 33.
Qc7+ Kf6 34. Qd8+ Qe7 35. Qh8 Nf5 36. Qh5 Nd6 37. Qh4+ Kf7 38. Bh5+ Kf8 39. Qf4+
Kg8 40. Bg4 Qf6 41. Qe3 Kf7 42. Qb3 Qe7 43. Qc2 Qf6 44. Qb3 Qe5 45. Qa4 a6 46.
Qb4 Qf6 47. Qb6 Qe7 48. Qd4 Qf6 49. Qb6 Qe7 50. Qd4 Qf6 51. Qb6 1/2-1/2

[Event "ch-FRA Blitz Online Qual"]
[Site "Europe-Chess INT"]
[Date "2020.05.16"]
[Round "6"]
[White "Hadida, Simon"]
[Black "Thibous, Mathis"]
[Result "1-0"]
[WhiteElo "1900"]
[BlackElo "1313"]
[WhiteFideId "45132925"]
[BlackFideId "45163014"]
[EventDate "2020.05.16"]

1. e4 c5 2. Nf3 a6 3. c3 b5 4. d4 cxd4 5. cxd4 Bb7 6. Bd3 e6 7. O-O Nf6 8. Qe2
Be7 9. Bg5 O-O 10. Nbd2 d5 11. e5 Nfd7 12. Bxe7 Qxe7 13. Rac1 Nc6 14. h4 h6 15.
Rfe1 Nb6 16. Bb1 Nc4 17. Qd3 g6 18. h5 Nb4 19. Qb3 Kg7 20. a3 Nc6 21. Qd3 Nxb2
22. Qc2 Nc4 23. hxg6 Nxa3 24. Qd3 Nxb1 25. Rxb1 fxg6 26. Nb3 Bc8 27. Nc5 Bd7 28.
Ra1 Nb4 29. Qd2 a5 30. Rec1 Rfb8 31. Nh2 Be8 32. Ng4 Qg5 33. Nxe6+ Kh7 34. Nxg5+
hxg5 35. Qxg5 Nd3 36. Rc7+ Kg8 37. Nf6+ Kf8 38. Qh6# 1-0

[Event "ch-FRA Blitz Online Qual"]
[Site "Europe-Chess INT"]
[Date "2020.05.16"]
[Round "6"]
[White "Mecili, Nabil"]
[Black "Gimenez, Adrien"]
[Result "1-0"]
[WhiteElo "1688"]
[BlackElo "1591"]
[WhiteFideId "618420"]
[BlackFideId "36069094"]
[EventDate "2020.05.16"]

1. e4 d6 2. d4 Nf6 3. Nc3 g6 4. f4 Bg7 5. Be3 Nbd7 6. Qd2 Ng4 7. h3 Nxe3 8. Qxe3
c6 9. Nf3 Qc7 10. Bd3 b5 11. O-O O-O 12. e5 Nb6 13. Ng5 h6 14. Nge4 b4 15. Ne2
dxe5 16. fxe5 Nd5 17. Qd2 Bf5 18. Nf4 Bxe4 19. Bxe4 Nxf4 20. Rxf4 Qb6 21. c3
bxc3 22. bxc3 Bxe5 23. Rh4 Bg7 24. Rf1 Rad8 25. Rxh6 Bxh6 26. Qxh6 c5 27. Rf4
cxd4 28. Rh4 dxc3+ 29. Kh1 Rd1+ 30. Kh2 Qb8+ 31. g3 Qb2+ 32. Bg2 c2 33. Qh7# 1-0

[Event "ch-FRA Blitz Online Qual"]
[Site "Europe-Chess INT"]
[Date "2020.05.16"]
[Round "6"]
[White "Genot, Jean-Paul"]
[Black "Naillou, Jean-Marc"]
[Result "1-0"]
[WhiteElo "1673"]
[BlackElo "1449"]
[WhiteFideId "45150940"]
[BlackFideId "36047724"]
[EventDate "2020.05.16"]

1. e4 e5 2. Nf3 Nc6 3. d4 exd4 4. Bc4 h6 5. O-O d6 6. Nxd4 Nxd4 7. Qxd4 Nf6 8.
Nc3 Be7 9. Be3 Be6 10. Bb3 O-O 11. f3 c5 12. Qd3 b6 13. Nd5 Nxd5 14. exd5 Bd7
15. c4 Bf6 16. Bc2 g6 17. Rab1 Bf5 18. Qd2 Bxc2 19. Qxc2 Re8 20. Bf2 Re7 21.
Rfe1 Qc7 22. Re4 Rae8 23. Rbe1 Rxe4 24. Rxe4 Rxe4 25. fxe4 Qe7 26. b3 Be5 27. g3
Qg5 28. Kg2 h5 29. Qd3 h4 30. Qe3 Qg4 31. Qf3 Qxf3+ 32. Kxf3 f5 33. exf5 hxg3
34. hxg3 gxf5 35. g4 fxg4+ 36. Kxg4 Kf7 37. Kf5 Ke7 38. Bh4+ Kd7 39. a4 a5 40.
Kg6 Bc3 41. Bg3 Be5 42. Bxe5 dxe5 43. Kf5 Kd6 44. Ke4 1-0

[Event "ch-FRA Blitz Online Qual"]
[Site "Europe-Chess INT"]
[Date "2020.05.16"]
[Round "6"]
[White "Shved, Jakov"]
[Black "Batout, Ethan"]
[Result "0-1"]
[WhiteElo "1667"]
[BlackElo "1267"]
[WhiteFideId "45178194"]
[BlackFideId "551081806"]
[EventDate "2020.05.16"]

1. e4 c5 2. Nf3 Nc6 3. d4 cxd4 4. Nxd4 g6 5. Nc3 Bg7 6. Be3 Nf6 7. f3 O-O 8. Qd2
d5 9. exd5 Nxd5 10. Nxd5 Qxd5 11. Nxc6 Qxd2+ 12. Bxd2 bxc6 13. O-O-O Rb8 14. b3
Bf5 15. Bf4 Rbd8 16. Bc4 e5 17. Bg5 Rd7 18. g4 Rxd1+ 19. Rxd1 Be6 20. Bxe6 fxe6
21. Rd7 Rxf3 22. Rxa7 Rf1+ 23. Kd2 Rf2+ 24. Ke3 Rxh2 25. a4 Rxc2 26. a5 Rc3+ 27.
Ke4 Rxb3 28. a6 Rb4+ 29. Kf3 h6 30. Ra8+ Kh7 31. Be7 Ra4 32. a7 e4+ 33. Ke3 Bd4+
34. Ke2 Rxa7 35. Rb8 Ra2+ 36. Kd1 e3 0-1

[Event "ch-FRA Blitz Online Qual"]
[Site "Europe-Chess INT"]
[Date "2020.05.16"]
[Round "6"]
[White "Flores, Christophe"]
[Black "El Baroudi Abderrahmane"]
[Result "0-1"]
[WhiteElo "1332"]
[BlackElo "1599"]
[WhiteFideId "45163758"]
[BlackFideId "9005382"]
[EventDate "2020.05.16"]

1. e4 e5 2. Nf3 Nc6 3. d4 exd4 4. Bc4 Be7 5. c3 Nf6 6. e5 d5 7. Bb5 Ne4 8. cxd4
O-O 9. O-O Bg4 10. Be2 Bxf3 11. Bxf3 Ng5 12. Be2 Ne6 13. Be3 Bg5 14. Qd2 Bxe3
15. Qxe3 Ncxd4 16. Qd2 c6 17. Nc3 Nxe2+ 18. Nxe2 f6 19. f4 fxe5 20. fxe5 Rxf1+
21. Rxf1 Qb6+ 22. Kh1 Rf8 23. Rxf8+ Kxf8 24. Nf4 Ke7 25. Qf2 Qxf2 0-1

[Event "ch-FRA Blitz Online Qual"]
[Site "Europe-Chess INT"]
[Date "2020.05.16"]
[Round "6"]
[White "Briand, Maxime"]
[Black "Ogier, Daniil"]
[Result "1/2-1/2"]
[WhiteElo "1662"]
[BlackElo "1059"]
[WhiteFideId "651016397"]
[BlackFideId "45187398"]
[EventDate "2020.05.16"]

1. c4 c5 2. Nc3 Nc6 3. g3 g6 4. Bg2 Bg7 5. Nf3 Nf6 6. O-O O-O 7. d3 d6 8. Qd2
Qd7 9. b3 b6 10. Bb2 Bb7 11. e4 e5 12. Rfe1 Nd4 13. Nd5 Nxf3+ 14. Bxf3 Nxd5 15.
cxd5 f5 16. b4 fxe4 17. Bxe4 Qf7 18. bxc5 bxc5 19. Rf1 Bxd5 20. f4 exf4 21. Rxf4
Qe6 22. Bxg7 Kxg7 23. Qb2+ Kg8 24. Raf1 Bxe4 25. dxe4 Qe5 26. Rxf8+ Rxf8 27.
Rxf8+ Kxf8 28. Qb8+ Kf7 29. Qxa7+ Ke6 30. Qb7 Qa1+ 31. Kg2 Qxa2+ 32. Kh3 Qe2 33.
Qxh7 Qxe4 34. Qg8+ Ke5 35. Qg7+ Kf5 36. Qd7+ Ke5 37. Qg7+ Kd5 38. Qf7+ Qe6+ 39.
Qxe6+ Kxe6 40. Kg4 Ke5 41. h4 c4 42. Kf3 Kf5 43. g4+ Ke5 44. Ke3 d5 45. h5 gxh5
46. gxh5 c3 47. Kd3 Kf5 48. Kxc3 Kg5 49. Kd4 1/2-1/2

[Event "ch-FRA Blitz Online Qual"]
[Site "Europe-Chess INT"]
[Date "2020.05.16"]
[Round "6"]
[White "Anas, Jacques"]
[Black "Villeneuve, Robin"]
[Result "0-1"]
[WhiteElo "1304"]
[BlackElo "1662"]
[WhiteFideId "36094552"]
[BlackFideId "45100608"]
[EventDate "2020.05.16"]

1. d4 d5 2. c4 e6 3. Nc3 Nf6 4. Bg5 Be7 5. Nf3 h6 6. Bh4 O-O 7. e3 b6 8. Bd3 Bb7
9. O-O c5 10. Qc2 Nbd7 11. cxd5 exd5 12. dxc5 bxc5 13. Rfe1 Kh8 14. Ne2 Ne4 15.
Bxe7 Qxe7 16. Bxe4 dxe4 17. Nd2 f5 18. Nf4 Rad8 19. Rad1 Ne5 20. Nc4 Nd3 21. Re2
Rd7 22. Ng6+ Kh7 23. Nxe7 Rxe7 24. Kh1 Rf6 25. Rg1 f4 26. Ne5 Rxe5 27. exf4 Rxf4
28. Rf1 Ref5 29. f3 exf3 30. gxf3 Rxf3 31. Rxf3 Rxf3 32. Kg1 Ba6 33. Rf2 Rxf2
34. Kh1 Bb7+ 35. Kg1 Rg2+ 36. Kh1 Rxc2+ 37. Kg1 Rc1# 0-1

[Event "ch-FRA Blitz Online Qual"]
[Site "Europe-Chess INT"]
[Date "2020.05.16"]
[Round "6"]
[White "Carme, Jeremie"]
[Black "Minde, Baptiste"]
[Result "1-0"]
[WhiteElo "1659"]
[BlackElo "1210"]
[WhiteFideId "45184593"]
[BlackFideId "45172110"]
[EventDate "2020.05.16"]

1. e4 e6 2. d4 d5 3. Nd2 c5 4. c3 Nf6 5. e5 Nfd7 6. Bd3 Qb6 7. Ndf3 Nc6 8. Ne2
Be7 9. O-O O-O 10. a3 cxd4 11. cxd4 Na5 12. Ng5 Bxg5 13. Bxg5 Qxb2 14. Ng3 Qb3
15. Qf3 g6 16. Bh6 Re8 17. Rfc1 Nc4 18. h4 Nd2 19. Bxd2 Nb6 20. Bh6 Nd7 21. Rc7
Qb2 22. Rb1 Qxd4 23. Rxd7 f5 24. exf6 Rf8 25. f7+ Kh8 26. Bxf8 Bxd7 27. Bc5 Qxc5
28. Qf6# 1-0

[Event "ch-FRA Blitz Online Qual"]
[Site "Europe-Chess INT"]
[Date "2020.05.16"]
[Round "6"]
[White "Buffin, Jean"]
[Black "Duranton, Paul"]
[Result "1-0"]
[WhiteElo "1711"]
[BlackElo "1203"]
[WhiteFideId "20699751"]
[BlackFideId "551013169"]
[EventDate "2020.05.16"]

1. d4 d5 2. c4 c6 3. Nf3 e6 4. Nc3 f5 5. Bg5 Nf6 6. e3 Bd6 7. cxd5 exd5 8. Bd3
O-O 9. Qc2 Qe8 10. O-O Ne4 11. Bf4 Bxf4 12. exf4 Rf6 13. Ne5 Rh6 14. f3 Nxc3 15.
bxc3 Qh5 16. g3 Qxh2+ 17. Qxh2 Rxh2 18. Kxh2 g6 19. c4 dxc4 20. Bxc4+ Kg7 21. g4
fxg4 22. fxg4 Na6 23. f5 gxf5 24. gxf5 Nb4 25. f6+ Kh6 26. f7 Nc2 27. f8=Q+ Kh5
28. Be2+ Kh4 29. Qf6# 1-0